00205nam a2200085Ia 4500008004100000020002200041082001200063100002100075245002300096220713s9999 xx 000 0 und d a978-1-4143-0920-0 aEF JENK aJenkins, Jerry B 4aThe Last Operative